<?xml version="1.0" encoding="UTF-8"?><?xml-stylesheet type="text/xsl" href="static/style.xsl"?><OAI-PMH xmlns="http://www.openarchives.org/OAI/2.0/" xmlns:xsi="http://www.w3.org/2001/XMLSchema-instance" xsi:schemaLocation="http://www.openarchives.org/OAI/2.0/ http://www.openarchives.org/OAI/2.0/OAI-PMH.xsd"><responseDate>2026-04-13T13:27:31Z</responseDate><request verb="GetRecord" identifier="oai:www.recercat.cat:10256/19876" metadataPrefix="marc">https://recercat.cat/oai/request</request><GetRecord><record><header><identifier>oai:recercat.cat:10256/19876</identifier><datestamp>2024-06-18T12:06:28Z</datestamp><setSpec>com_2072_452955</setSpec><setSpec>com_2072_2054</setSpec><setSpec>col_2072_453062</setSpec></header><metadata><record xmlns="http://www.loc.gov/MARC21/slim" xmlns:dcterms="http://purl.org/dc/terms/" xmlns:xsi="http://www.w3.org/2001/XMLSchema-instance" xmlns:doc="http://www.lyncode.com/xoai" xsi:schemaLocation="http://www.loc.gov/MARC21/slim http://www.loc.gov/standards/marcxml/schema/MARC21slim.xsd">
   <leader>00925njm 22002777a 4500</leader>
   <datafield ind2=" " ind1=" " tag="042">
      <subfield code="a">dc</subfield>
   </datafield>
   <datafield ind2=" " ind1=" " tag="720">
      <subfield code="a">Moragrega i Garcia, Concepció</subfield>
      <subfield code="e">author</subfield>
   </datafield>
   <datafield ind2=" " ind1=" " tag="720">
      <subfield code="a">Carmona, Alba</subfield>
      <subfield code="e">author</subfield>
   </datafield>
   <datafield ind2=" " ind1=" " tag="720">
      <subfield code="a">Llorente i Cabratosa, Isidre</subfield>
      <subfield code="e">author</subfield>
   </datafield>
   <datafield ind2=" " ind1=" " tag="260">
      <subfield code="c">2021-07-22</subfield>
   </datafield>
   <datafield ind2=" " ind1=" " tag="520">
      <subfield code="a">Trials under controlled and field conditions were conducted to establish the effect of strategies of application of biological control agents (BCAs) in the reduction of Stemphylium vesicarium and Pleospora allii inoculum production on pear leaf debris. Six BCAs based on different strains of Trichoderma spp. (Tr1, Tr2) and Bacillus subtilis (Bs1, Bs2, Bs3 and Bs4) were evaluated. Two strategies were tested in controlled experiments: application before (preventative strategy) or after (curative strategy) pear leaf debris colonization by S. vesicarium, evaluating the growth inhibition and sporulation of S. vesicarium and the pseudothecia production of P. allii. When the BCAs were applied preventatively, the efficacy of treatments based on B. subtilis was higher than those based on Trichoderma spp. in controlling the pathogen colonization, but that of controlling the inoculum production of S. vesicarium and P. allii was similar. However, when the BCAs were applied curatively, Trichoderma based products were more effective. In field trials, Trichoderma spp. Tr1 and B. subtlilis Bs1 produced a consistent 45–50% decrease in the number of S. vesicarium conidia trapped compared to the non-treated control. We conclude that Bacillus subtilis Bs1 and Trichoderma spp. Tr1 and Tr2 can be expected to reduce fungal inoculum during the pear vegetative period by at least 45–50%. Additionally, Trichoderma spp. Tr1 and Tr2 have the potential to reduce the fungal overwintering inoculum by 80% to 90%</subfield>
   </datafield>
   <datafield ind2=" " ind1=" " tag="520">
      <subfield code="a">This research was funded by Departament d’Agricultura, Ramaderia, Pesca i Alimentació, Generalitat de Catalunya, grant number 53050082017 from the applied research program on organic&#xd;
agri-food production</subfield>
   </datafield>
   <datafield ind1="8" ind2=" " tag="024">
      <subfield code="a">http://hdl.handle.net/10256/19876</subfield>
   </datafield>
   <datafield tag="653" ind2=" " ind1=" ">
      <subfield code="a">Perera -- Malalties i plagues</subfield>
   </datafield>
   <datafield tag="653" ind2=" " ind1=" ">
      <subfield code="a">Pear -- Diseases and pests</subfield>
   </datafield>
   <datafield tag="653" ind2=" " ind1=" ">
      <subfield code="a">Fongs en l'agricultura</subfield>
   </datafield>
   <datafield tag="653" ind2=" " ind1=" ">
      <subfield code="a">Fungi in agriculture</subfield>
   </datafield>
   <datafield tag="653" ind2=" " ind1=" ">
      <subfield code="a">Perera -- Control biològic</subfield>
   </datafield>
   <datafield tag="653" ind2=" " ind1=" ">
      <subfield code="a">Pear -- Biological control</subfield>
   </datafield>
   <datafield ind2="0" ind1="0" tag="245">
      <subfield code="a">Biocontrol of Stemphylium vesicarium and Pleospora allii on Pear by Bacillus subtilis and Trichoderma spp.: Preventative and Curative Effects on Inoculum Production</subfield>
   </datafield>
</record></metadata></record></GetRecord></OAI-PMH>